000 00876nas a2200289 4500
001 BR7901287
003 BR-BrBNA
005 20231205083646.0
007 ta
008 230509b bl.|||p| |||| 00| 00por d
040 _aBR-BrBNA
_bpor
_cBiblioteca Nacional de Agricultura
041 _a(Pt)
072 _aF30
100 1 _aPompeu, A.S.
100 1 _aAlmeida, L.D. de
100 1 _aSchmidt, N.C.
100 1 _aLoberto, L.C.
245 1 _aComportamento de linhagens e cultivares de feijoeiro (Phaseolus vulgaris, L.)no Vale do Paraiba, Sao Paulo
650 _aMELHORAMENTO GENETICO VEGETAL
650 _aFEIJAO
650 _aCOMPORTAMENTO DE VARIEDADE
650 _aLINHAGEM
650 _aSAO PAULO
773 0 _tBragantia (Brazil)
_xISSN 0006-8705
_g(Sep 1978), v. 37 p. 93-101
_wBR7901287
909 _a202311
_bLúcia
_c55
_dLúcia Elande
942 _2AGRIS
_n0
_cANA
999 _c100379
_d100379